A consultancy approach for trainers

Bibliographic Details
Main Author: Phillips, Keri
Other Authors: Shaw, Patricia
Format: Book
Published: Aldershott : Gower , 1989
Subjects:

MARC

LEADER 00000cam a2200000 7i4500
001 0000000229
005 20050429.0
020 |a 0566027372 
040 |a INS 
090 0 0 |a HD69.C6   |b P47 1989 
100 1 |a Phillips, Keri 
245 1 2 |a A consultancy approach for trainers   |c Keri Phillips, Patricia Shaw 
260 |a Aldershott :   |b Gower ,   |c 1989 
300 |a 166p. ;   |c 22 cm. 
650 0 0 |a Management Consultancy 
700 1 |a Shaw, Patricia 
999 |a 0000003935   |b BOOK   |c Open Shelf   |e Default branch